000
00365nam a2200145Ia 4500
008
090122s9999 xx 000 0 und d
082
_b
6572
_a
891.463
100
_a
कदम
_b
बाबा
245
_a
निराधार
600
_a
कदम
630
_a
निराधार
700
_a
कदम
730
_a
निराधार
942
_c
BOOK
999
_c
30649
_d
30649